Fotografía de aves para principiantes : (Registro nro. 16353)
[ vista simple ]
| 000 -CABECERA | |
|---|---|
| Campo de control de longitud fija | 00627nam a22001815a 4500 |
| 003 - IDENTIFICADOR DEL NÚMERO DE CONTROL | |
| Campo de control | CL-SaCFP |
| 005 - FECHA Y HORA DE LA ÚLTIMA TRANSACCIÓN | |
| Campo de control | 20260402135519.0 |
| 008 - CÓDIGOS DE INFORMACIÓN DE LONGITUD FIJA | |
| Campo de control de longitud fija | 251114s 000 0 spa |
| 020 ## - NÚMERO INTERNACIONAL NORMALIZADO PARA LIBROS (ISBN) | |
| Número Internacional Normalizado para Libros (ISBN) | 9789564203928 |
| 040 ## - FUENTE DE LA CATALOGACIÓN | |
| Centro transcriptor | CL |
| 100 1# - PUNTO DE ACCESO PRINCIPAL - NOMBRE DE PERSONA | |
| Nombre de persona | Fernández Darraz, Enrique |
| 245 10 - MENCIÓN DE TÍTULO | |
| Título | Fotografía de aves para principiantes : |
| Resto del título | observar y escuchar la naturaleza / |
| Mención de responsabilidad etc. | Enrique Fernández Darraz. |
| 250 ## - MENCIÓN DE EDICIÓN | |
| Mención de edición | Primera edición : mayo 2025. |
| 264 #1 - PRODUCTION, PUBLICATION, DISTRIBUTION, MANUFACTURE, AND COPYRIGHT NOTICE | |
| Lugar de producción publicación distribución fabricación | [Chile] : |
| Nombre del de productor editor distribuidor fabricante | [Editorial no identificada], |
| Fecha de de producción publicación distribución fabricación o copyright | 2025. |
| 264 #3 - PRODUCTION, PUBLICATION, DISTRIBUTION, MANUFACTURE, AND COPYRIGHT NOTICE | |
| Lugar de producción publicación distribución fabricación | Valdivia, Chile : |
| Nombre del de productor editor distribuidor fabricante | América Impresores, |
| Fecha de de producción publicación distribución fabricación o copyright | 2025. |
| 300 ## - DESCRIPCIÓN FÍSICA | |
| Extensión | 203 páginas : |
| Otras características físicas | ilustraciones ; |
| Dimensiones | 23 cm. |
| 942 ## - ENTRADA PARA ELEMENTOS AGREGADOS (KOHA) | |
| Fuente de clasificación o esquema de ordenación en estanterías | Dewey Decimal Classification |
| Koha [por defecto] tipo de item | Libros |
| Suprimido | Estado de pérdida | Fuente de clasificación o esquema de ordenación en estanterías | Estropeado | No para préstamo | Código de colección | Localización permanente | Localización actual | Localización en estanterías | Fecha de adquisición | Fuente de adquisición | Préstamos totales | Código de barras | Fecha última consulta | Número de ejemplar | Fecha del precio de reemplazo | Tipo de item de Koha |
|---|---|---|---|---|---|---|---|---|---|---|---|---|---|---|---|---|
| Dewey Decimal Classification | Colección General | Biblioteca Central | Biblioteca Central | Colección General | 02/04/2026 | Donación DL | 3563000054688 | 02/04/2026 | c.1 | 02/04/2026 | Libros |